| 000 | 00596cam a2200193 a 4500 | ||
|---|---|---|---|
| 001 | 000008490 | ||
| 005 | 20200929161341.0 | ||
| 008 | 750610s1963 mx 000 1 spa | ||
| 040 |
_aDO-SdBNP _bspa _cBNPHU |
||
| 082 |
_aM863.44 _bG243r |
||
| 100 | 1 |
_aGarro, Elena. _b1920-1998 _922806 |
|
| 245 | 1 | 4 |
_aLos recuerdos del porvenir / _cElena Garro. |
| 260 |
_aMéxico, D. F. : _bJoaquín Mortiz, _c1963. |
||
| 300 |
_a295 p. ; _c20 cm. |
||
| 490 | 1 | _aNovelistas Contemporáneos | |
| 650 | 4 |
_aNovela mexicana _93959 |
|
| 650 | 4 |
_aLiteratura mexicana _91922 |
|
| 830 | 4 |
_aNovelistas Contemporáneos _911918 |
|
| 999 |
_c8261 _d8261 |
||